Vainqueurs de Grand Prix de F1 en 2024 - Statistiques

Statistiques générales
  • Ce quiz a été pris 210 fois
  • Le résultat moyen est 23 sur 24
Statistiques - réponses
Grand Prix Vainqueur % Correct
Grand Prix de Miami Lando Norris
99%
Grand Prix des Pays-Bas Lando Norris
99%
Grand Prix de Singapour Lando Norris
99%
Grand Prix d'Abu Dhabi Lando Norris
99%
Grand Prix de Bahreïn Max Verstappen
99%
Grand Prix d'Arabie Saoudite Max Verstappen
99%
Grand Prix du Japon Max Verstappen
99%
Grand Prix de Chine Max Verstappen
99%
Grand Prix d'Émilie Romagne Max Verstappen
99%
Grand Prix du Canada Max Verstappen
99%
Grand Prix d'Espagne Max Verstappen
99%
Grand Prix du São Paulo Max Verstappen
99%
Grand Prix du Qatar Max Verstappen
99%
Grand Prix de Monaco Charles Leclerc
98%
Grand Prix d'Italie Charles Leclerc
98%
Grand Prix des États-Unis Charles Leclerc
98%
Grand Prix de Grande-Bretagne Lewis Hamilton
98%
Grand Prix de Belgique Lewis Hamilton
98%
Grand Prix d'Australie Carlos Sainz
94%
Grand Prix du Mexique Carlos Sainz
94%
Grand Prix de Hongrie Oscar Piastri
92%
Grand Prix d'Azerbaïdjan Oscar Piastri
92%
Grand Prix d'Autriche George Russell
84%
Grand Prix de Las Vegas George Russell
84%
Aucun quiz correspondant
Distribution des résultats
% des personnes avec chaque résultat
Percentile par nombre de réponses
Votre historique - résultats
Vous n’avez pas pris ce quiz